[Event "Aragon-chT Preferente"]
[Site "Spain"]
[Date "2010.01.23"]
[Round "1.59"]
[White "Muniz Vicente, Juan Luis"]
[Black "Gracia Martinez, Juan Pablo"]
[Result "1-0"]
[WhiteElo "1862"]
[BlackElo "1850"]
[PlyCount "100"]
[EventDate "2010.01.23"]
[EventType "team-swiss"]
[EventRounds "12"]
[EventCountry "ESP"]
[SourceTitle "EXT 2013"]
[Source "ChessBase"]
[SourceDate "2012.11.22"]
[SourceVersion "1"]
[SourceVersionDate "2012.11.22"]
[SourceQuality "1"]
[WhiteTeam "Calatayud"]
[BlackTeam "Helios"]
[WhiteTeamCountry "ESP"]
[BlackTeamCountry "ESP"]

1. c4 e5 2. Nc3 Nf6 3. g3 c6 4. d4 e4 5. Bg2 d5 6. Bf4 Bb4 7. Qb3 Qe7 8. c5 Ba5 9. Bd6 Qd8 10. f3 b6 11. 0-0-0 Be6 12. Qc2 Na6 13. a3 b5 14. b4 Bxb4 15. axb4 Nxb4 16. Qb2 Qa5 17. Kd2 exf3 18. exf3 Bf5 19. Ra1 Nd3 20. Qb1 Qd8 21. Bh3 Bg6 22. Bf1 b4 23. Bxd3 bxc3+ 24. Kxc3 Qd7 25. Ne2 Kd8 26. Nf4 Re8 27. Nxg6 fxg6 28. Re1 Rxe1 29. Qxe1 a5 30. Ra4 Ra7 31. Kc2 Ne8 32. Bf4 Nc7 33. Rxa5 Rb7 34. Bxc7+ Rxc7 35. Ra8+ Rc8 36. Qa5+ Ke8 37. Rxc8+ Qxc8 38. Qa7 Kf8 39. g4 Qe6 40. Qb8+ Ke7 41. Qc7+ Kf6 42. Kd2 Qe8 43. f4 Qe7 44. Qxc6+ Kf7 45. Qxd5+ Kf8 46. Bc4 Qf6 47. Qd6+ Ke8 48. Bb5+ Kf7 49. Qd7+ Qe7 50. Qxe7+ Kxe7 1-0

[Event "Aragon-ch Primera"]
[Site "Spain"]
[Date "2009.??.??"]
[Round "7"]
[White "Gracia Martinez, Juan Pablo"]
[Black "Laborda, Oscar"]
[Result "1-0"]
[WhiteElo "1850"]
[BlackElo "1668"]
[PlyCount "61"]
[EventDate "2009.??.??"]
[EventType "swiss"]
[EventRounds "9"]
[EventCountry "ESP"]
[SourceTitle "EXT 2013"]
[Source "ChessBase"]
[SourceDate "2012.11.22"]
[SourceVersion "1"]
[SourceVersionDate "2012.11.22"]
[SourceQuality "1"]

1. e4 c6 2. d3 d5 3. Nd2 dxe4 4. dxe4 Nf6 5. Ngf3 Bg4 6. h3 Bh5 7. g4 Bg6 8. Qe2 e6 9. Bg2 Bb4 10. c3 Bd6 11. e5 Be7 12. exf6 Bxf6 13. Ne4 Be7 14. Bf4 Qd5 15. Ne5 Bxe4 16. Bxe4 Qa5 17. Nc4 Qd8 18. Rd1 Qc8 19. Bd6 f6 20. Bxe7 Kxe7 21. Bf5 g6 22. Nd6 Qg8 23. Bc2 Nd7 24. Nxb7 Rb8 25. Na5 Qc8 26. Bb3 Nc5 27. Qf3 Rb6 28. 0-0 Nxb3 29. axb3 h6 30. Qd3 Kf7 31. Qd7+ 1-0